Surveys of residential property (Record no. 115082)

MARC details
000 -LEADER
fixed length control field 01373cad a22002775a 4500
001 - CONTROL NUMBER
control field L158026
008 - FIXED-LENGTH DATA ELEMENTS--GENERAL INFORMATION
fixed length control field 131216s2013 xxk f 000 0 eng d
020 ## - INTERNATIONAL STANDARD BOOK NUMBER
International Standard Book Number 9781783210411
035 ## - SYSTEM CONTROL NUMBER
System control number (Sirsi) u158026
041 0# - LANGUAGE CODE
Language code of text/sound track or separate title eng
110 2# - MAIN ENTRY--CORPORATE NAME
Corporate name or jurisdiction name as entry element Royal Institution of Chartered Surveyors
9 (RLIN) 4900
245 00 - TITLE STATEMENT
Title Surveys of residential property
Medium [electronic resource]
250 ## - EDITION STATEMENT
Edition statement 3rd edition
260 ## - PUBLICATION, DISTRIBUTION, ETC.
Place of publication, distribution, etc. London
Date of publication, distribution, etc. RICS
Name of publisher, distributor, etc. 2013
490 #0 - SERIES STATEMENT
Series statement RICS Guidance Note
490 #0 - SERIES STATEMENT
Series statement RICS Conditions of Engagement
520 ## - SUMMARY, ETC.
Summary, etc. Provides guidance to chartered surveyors in England and Wales wishing to produce their own residential property survey product. Outlines range of residential surveying services available for property owners and vendors, competence, components of service available, the report, post report delivery and managing client expectations and a range of add on services available.
520 ## - SUMMARY, ETC.
Summary, etc. Supersedes RICS Building surveys of residential property 2004, 2nd edition (L117358), December 2013.
520 ## - SUMMARY, ETC.
Summary, etc. Superseded by 3 ed ressue May 2016 (L159292)
590 ## - LOCAL NOTE (RLIN)
Local note KA
651 #4 - SUBJECT ADDED ENTRY--GEOGRAPHIC NAME
Geographic name United Kingdom
690 ## - LOCAL SUBJECT ADDED ENTRY--TOPICAL TERM (OCLC, RLIN)
Topical term or geographic name as entry element Survey reports
9 (RLIN) 6270
700 1# - ADDED ENTRY--PERSONAL NAME
Personal name Parnham, Phil
856 40 - ELECTRONIC LOCATION AND ACCESS
Uniform Resource Identifier <a href="https://www.isurv.com/downloads/file/5816/archive_surveys_of_residential_property_3rd_edition_december_2013-may_2016">https://www.isurv.com/downloads/file/5816/archive_surveys_of_residential_property_3rd_edition_december_2013-may_2016</a>
Public note Archived on iSurv (subscription required)
942 ## - ADDED ENTRY ELEMENTS (KOHA)
Suppress in OPAC 0
Source of classification or shelving scheme Dewey Decimal Classification
Holdings
Withdrawn status Lost status Source of classification or shelving scheme Damaged status Not for loan Home library Current library Shelving location Date acquired Total Checkouts Full call number Barcode Date last seen Copy number Price effective from Koha item type
    Dewey Decimal Classification     Virtual Virtual Online 16/12/2013   iSurv 158026-2001 05/04/2023 1 06/08/2019 Book